| 000 | 00000nam##2200000za#4500 |
| 001 | 9.602250 |
| 003 | CaOODSP |
| 005 | 20220328113245 |
| 007 | cr ||||||||||| |
| 008 | 150406|1995||||xxc|||||o f|0| 0 fre|d |
| 040 | |aCaOODSP|bfre |
| 043 | |an-cn--- |
| 086 | 1 |aC2-280/2-1995F-PDF |
| 110 | 1 |aCanada. |bIndustrie Canada. |
| 245 | 10|aCommunications relatives aux actionnaires et sollicitation de procurations|h[ressource électronique] |
| 260 | |aOttawa - Ontario : |bIndustrie Canada |cAoût 1995. |
| 300 | |a62p.|bréférences |
| 490 | 1 |aLa Loi canadienne sur les sociétés par actions |
| 500 | |a«La question des communications relatives aux actionnaires englobe à la fois les communications entre une société et ses actionnaires et les communications entre actionnaires.»--Sommaire. |
| 520 | 3 |aLa question des communications relatives aux actionnaires englobe à la fois les communications entre une société et ses actionnaires et les communications entre actionnaires.--Sommaire |
| 590 | |a11-24-Supp|b2011-10-24 |
| 691 | 07|aSociétés|2gcpds |
| 775 | 08|tShareholder communications and proxy solicitation rules|w(CaOODSP)9.571828 |
| 776 | 0#|tCommunications relatives aux actionnaires et sollicitation de procurations|w(CaOODSP)9.623500 |
| 830 | #0|aLa Loi canadienne sur les sociétés par actions.|w(CaOODSP)9.502894 |
| 856 | 40|ahttp://publications.gc.ca|qPDF|s175 Ko|uhttps://publications.gc.ca/collections/Collection/C2-280-2-1995F.pdf |